|
|
|
|
| LEADER |
00000cam a2200000 7i4500 |
| 001 |
0000040431 |
| 005 |
20140416.0 |
| 008 |
140416 |
| 020 |
|
|
|a 8131900833
|
| 090 |
0 |
0 |
|a 636.50895532
|b MAD
|
| 100 |
1 |
|
|a Madrewar, B.P
|
| 245 |
1 |
0 |
|a Poultry homeopathy
|c Dr. B.P. Madrewar
|
| 260 |
|
|
|a New Delhi :
|b Jnanada Prakashan ,
|c 2007
|
| 650 |
|
0 |
|a Homeopathy
|
| 999 |
|
|
|a 0001263899
|b Book
|c Adult Collection
|e Cawangan Kota Tinggi
|
| 999 |
|
|
|a 0001263900
|b Book
|c Adult Collection
|e Cawangan Bukit Gambir
|
| 999 |
|
|
|a 0001263901
|b Book
|c Adult Collection
|e Cawangan Mersing
|
| 999 |
|
|
|a 0001263902
|b Book
|c Adult Collection
|e Cawangan Tangkak
|
| 999 |
|
|
|a 0001263903
|b Book
|c Adult Collection
|e Cawangan Bandar Tenggara
|
| 999 |
|
|
|a 0001263904
|b Book
|c Adult Collection
|e Cawangan Muar
|
| 999 |
|
|
|a 0001263905
|b Book
|c Adult Collection
|e Cawangan Bandar Penawar
|
| 999 |
|
|
|a 0001263907
|b Book
|c Adult Collection
|e Cawangan Tmn. Ungku Tun Aminah
|
| 999 |
|
|
|a 0001282180
|b Book
|c Adult Collection
|e Cawangan AEON Kulaijaya
|
| 999 |
|
|
|a 0001282182
|b Book
|c Adult Collection
|e Cawangan Pontian
|
| 999 |
|
|
|a 0001282183
|b Book
|c Adult Collection
|e Cawangan Tmn. Ungku Tun Aminah
|
| 999 |
|
|
|a 0001291838
|b Book
|c Adult Collection
|e Perbadanan Perpustakaan Awam Johor
|